000 00495nam a2200169 a 4500
001 000036799
005 20200930075937.0
008 120201s1967 xxu 000 0 spa d
040 _aDO-SdBNP
_bspa
_cBNPHU
100 1 _aMeyer, Alfred G.
_963140
245 1 0 _aCommunism /
_cAlfred G. Meyer.
250 _a3a ed.
260 _aNew York :
_bRandom House ,
_c1967.
300 _a241 p. : ;
_c18 cm.
490 1 _aStudies in political science
_v34
830 0 _aStudies in political science
_n34
_963141
999 _c36290
_d36290